| 000 | 00372nam a2200109Ia 4500 | ||
|---|---|---|---|
| 008 | 171211s9999 xx 000 0 und d | ||
| 245 | _aPolicies and Research in Identity Management | ||
| 245 | _cElisabeth de Leeuw, Lothar Fritsch, and Simone Fischer-Hübner | ||
| 260 | _c2010 | ||
| 650 | _xINFORMATION TECHNOLOGIES | ||
| 856 | _uhttp://down.ebook777.com/064/3642173020.pdf | ||
| 999 |
_c349693 _d349693 |
||